BIBLIOTECA PODER JUDICIAL
Portal Judicial TDF

Técnicas de reproducción humana asistida : (Registro nro. 6260)

000 -LEADER
fixed length control field 01124nab a22002177a 4500
003 - CONTROL NUMBER IDENTIFIER
control field OSt
005 - DATE AND TIME OF LATEST TRANSACTION
control field 20260128011105.0
008 - FIXED-LENGTH DATA ELEMENTS--GENERAL INFORMATION
fixed length control field 190514b xxu||||| |||| 00| 0 spa d
040 ## - CATALOGING SOURCE
Transcribing agency PJ
100 ## - MAIN ENTRY--PERSONAL NAME
9 (RLIN) 6969
Personal name Cutuli Grasso, Nicole Melany
245 10 - TITLE STATEMENT
Title Técnicas de reproducción humana asistida :
Remainder of title el nuevo paradigma que regula el Código Civil y Comercial de la Nación /
Statement of responsibility, etc Nicole Melany Cutuli Grasso.
300 ## - PHYSICAL DESCRIPTION
Extent p. 109-114
500 ## - GENERAL NOTE
General note Cita: TR LALEY AR/DOC/2504/2025.
505 ## - FORMATTED CONTENTS NOTE
Formatted contents note Sumario: I. Introducción.— II. Principio de autonomía personal.— III. De los modelos.— IV. Técnicas de reproducción humana asistida.— V. Información de lxs nacidxs bajo las TRHA.— VI. Conflictos en el ámbito judicial.— VII. Palabras finales
505 ## - FORMATTED CONTENTS NOTE
Title Si te interesa el texto, comunicate a koha@justierradelfuego.gov.ar
650 #0 - SUBJECT ADDED ENTRY--TOPICAL TERM
9 (RLIN) 967
Topical term or geographic name as entry element DERECHO DE FAMILIA
650 #0 - SUBJECT ADDED ENTRY--TOPICAL TERM
9 (RLIN) 1497
Topical term or geographic name as entry element CODIGO CIVIL Y COMERCIAL
650 #0 - SUBJECT ADDED ENTRY--TOPICAL TERM
9 (RLIN) 4292
Topical term or geographic name as entry element TÉCNICAS DE REPRODUCCIÓN HUMANA ASISTIDA
773 0# - HOST ITEM ENTRY
Host Biblionumber 2844
Host Itemnumber 3222
Place, publisher, and date of publication Buenos Aires : AbeledoPerrot, 1989-
Title Derecho de familia. N° 122 - Noviembre 2025
International Standard Book Number 18511201
942 ## - ADDED ENTRY ELEMENTS (KOHA)
Source of classification or shelving scheme
Koha item type Analítica Artículo de Revista

No hay ítems disponibles.

12 de Octubre 789 Ushuaia - Tel:  54(02901)441571
Horario de Atención: 8.00 a 17.00 hs. 
bibliotecaush@justierradelfuego.gov.ar
koha@justierradelfuego.gov.ar
Seguinos en nuestras redes @bibliojustdf 

Con tecnología Koha